Význam etnocentických tendencií v spotrebiteľskom správaní diplomová práca

Salvato in:
Dettagli Bibliografici
Autore principale: Sopúchová, Natália
Ente Autore: Obchodná fakulta EU. Katedra marketingu
Altri autori: Čvirik, Marián, 1992-
Natura: Libro
Lingua:slovacco
Pubblicazione: Bratislava 2024
Tags: Aggiungi Tag
Nessun Tag, puoi essere il primo ad aggiungerne!!

MARC

LEADER 00000nbm a2200000 4500
001 0302228
005 20250707133419.7
041 0 |a slo 
044 |a SK 
245 1 0 |a Význam etnocentických tendencií v spotrebiteľskom správaní  |b diplomová práca  |c Natália Sopúchová ; školiteľ: Marián Čvirik 
264 1 |a Bratislava  |c 2024 
300 |a 71 s. 
100 1 |a Sopúchová, Natália 
700 1 |a Čvirik, Marián, 1992- 
710 2 |a Obchodná fakulta EU. Katedra marketingu